ბათუმის შოთა რუსთაველის სახელმწიფო უნივერსიტეტის ბიბლიოთეკა

Общие вопросы методики русского языка в средней школе : (ბიბ.ჩანაწერი № 35015)

000 -LEADER
fixed length control field 00759nam a2200205Ia 4500
001 - CONTROL NUMBER
control field 854
003 - CONTROL NUMBER IDENTIFIER
control field GE_BSU
005 - DATE AND TIME OF LATEST TRANSACTION
control field 20220519121107.0
008 - FIXED-LENGTH DATA ELEMENTS--GENERAL INFORMATION
fixed length control field 181216s1973||||rus|||||||||||||| ||ru ||
040 ## - CATALOGING SOURCE
Transcribing agency GE_BSU
041 ## - LANGUAGE CODE
Language code of text/sound track or separate title ru
080 ## - UNIVERSAL DECIMAL CLASSIFICATION NUMBER
Universal Decimal Classification number 811.161.1(072) В-58
100 ## - MAIN ENTRY--PERSONAL NAME
Personal name Власенков, А.И.
9 (RLIN) 13777
245 ## - TITLE STATEMENT
Title Общие вопросы методики русского языка в средней школе :
Remainder of title Пособие для учителя /
Statement of responsibility, etc. А.И. Власенков.
264 ## - PRODUCTION, PUBLICATION, DISTRIBUTION, MANUFACTURE, AND COPYRIGHT NOTICE
Place of production, publication, distribution, manufacture Москва :
Name of producer, publisher, distributor, manufacturer Просвещение,
Date of production, publication, distribution, manufacture, or copyright notice 1973.
300 ## - PHYSICAL DESCRIPTION
Extent 384 стр.
653 ## - INDEX TERM--UNCONTROLLED
keyword Общие вопросы методики русского языка в средней школе
653 ## - INDEX TERM--UNCONTROLLED
keyword Русский язык
942 ## - ADDED ENTRY ELEMENTS (KOHA)
Koha item type წიგნი
Source of classification or shelving scheme
ეგზემპლარები
Withdrawn status Lost status Source of classification or shelving scheme Damaged status Not for loan Permanent Location Current Location Shelving location Date acquired Cost, normal purchase price Full call number Barcode Date last seen Copy number Price effective from Koha item type Public note
          ბათუმის შოთა რუსთაველის სახელმწიფო უნივერსიტეტის მთავარი ბიბლიოთეკა ბათუმის შოთა რუსთაველის სახელმწიფო უნივერსიტეტის მთავარი ბიბლიოთეკა წიგნსაცავი 2018-12-17 8.00 811.161.1(072) В-58 1660 2018-12-17 1660 2018-12-17 წიგნი 8 ლ.